000 00318nam a2200133Ia 4500
005 20251222143245.0
008 251222s9999||||xx |||||||||||||| ||spa||
020 _a968-18-6349-6
082 _a658.562/N28
100 _aNava Carbellido, VĂ­ctor Manuel
245 0 _aISO 9000-2000:
264 _bLimusa
942 _cLIB
999 _c14751
_d14751